000 00453nam a2200181Ia 4500
001 24184
005 20260414151026.0
008 260414t2017||||xx |||||||||||||| ||spa||
041 _aESP
082 _a792.02
_bL87
100 _aLópez-Ligero, Mar
_eAUT
245 0 _aLa obra de teatro :
_bmanual técnico de artes escénicas
260 _c2017
300 _a221 páginas :
_c23 cm.
650 _aABD
654 _aCAU
942 _cLIB
_dJUS
_fJUS
_2ddc
_n
999 _c24184
_d24184